|
|
|
|
| LEADER |
00000nam0a2200000 4500 |
| 001 |
129324 |
| 005 |
20231101220153.0 |
| 035 |
|
|
|a (RuTPU)RU\TPU\book\139971
|
| 090 |
|
|
|a 129324
|
| 100 |
|
|
|a 20080123d1971 km y0rusy50 ca
|
| 101 |
0 |
|
|a rus
|
| 102 |
|
|
|a RU
|
| 105 |
|
|
|a a z 001zy
|
| 200 |
1 |
|
|a Кристаллизация и свойства кристаллических веществ
|e сборник статей
|f Академия наук СССР (АН СССР), Кольский филиал ; под ред. С. М. Бондина
|
| 210 |
|
|
|a Ленинград
|c Наука
|d 1971
|
| 215 |
|
|
|a 96 с.
|c ил.
|
| 320 |
|
|
|a Библиогр. в конце ст.
|
| 606 |
1 |
|
|a Кристаллизация
|x (кристаллография)
|2 stltpush
|3 (RuTPU)RU\TPU\subj\79323
|9 87913
|
| 610 |
1 |
|
|a статьи
|
| 610 |
1 |
|
|a кристаллические свойства
|
| 610 |
1 |
|
|a растворы
|
| 610 |
1 |
|
|a органические кислоты
|
| 610 |
1 |
|
|a карбонат кальция
|
| 610 |
1 |
|
|a пересыщенные растворы
|
| 610 |
1 |
|
|a примеси
|
| 610 |
1 |
|
|a азотнокислый барий
|
| 610 |
1 |
|
|a азотнокислый литий
|
| 610 |
1 |
|
|a сборники
|
| 675 |
|
|
|a 548.5
|v 3
|
| 702 |
|
1 |
|a Бондин
|b С. М.
|4 340
|
| 712 |
0 |
2 |
|a Академия наук СССР (АН СССР)
|b Кольский филиал
|2 stltpush
|3 (RuTPU)RU\TPU\col\722
|
| 801 |
|
1 |
|a RU
|b 63413507
|c 20080123
|g PSBO
|
| 801 |
|
2 |
|a RU
|b 63413507
|c 20200820
|g PSBO
|
| 942 |
|
|
|c BK
|